| Tag |
First Indicator |
Second Indicator |
Subfields |
| LEADER |
00000cam a22000008a 4500 |
| 001 |
in00000090030 |
| 005 |
20151008063625.0 |
| 008 |
800926s1981 miu b 00010 engm |
| 010 |
|
|
|a 80024611
|
| 020 |
|
|
|a 0879079231
|
| 035 |
|
|
|a (OCoLC)06813518
|
| 035 |
|
|
|9 AAK2614AM
|
| 040 |
|
|
|a DLC
|c DLC
|d TXA
|d UtOrBLW
|
| 041 |
1 |
|
|a eng
|a lat
|
| 049 |
|
|
|a TXAM
|c [1442249]
|
| 050 |
0 |
0 |
|a BV4209
|b .A4213 1981
|
| 082 |
0 |
|
|a 251
|2 19
|
| 100 |
0 |
|
|a Alanus,
|c de Insulis,
|d -1202.
|
| 240 |
1 |
0 |
|a Ars praedicandi.
|l English
|
| 245 |
1 |
4 |
|a The art of preaching /
|c Alan of Lille ; translated, with an introduction, by Gillian R. Evans.
|
| 263 |
|
|
|a 8102
|
| 264 |
|
1 |
|a Kalamazoo, Mich. :
|b Cistercian Publications,
|c 1981.
|
| 300 |
|
|
|a 171 pages ;
|c 22 cm.
|
| 336 |
|
|
|a text
|b txt
|2 rdacontent
|
| 337 |
|
|
|a unmediated
|b n
|2 rdamedia
|
| 338 |
|
|
|a volume
|b nc
|2 rdacarrier
|
| 490 |
1 |
|
|a Cistercian Studies series ; no. 23
|
| 500 |
|
|
|a Translation of: Ars praedicandi, from the Latin text in J.-P. Migne, Patrologia cursus completus, series latina, volume 210, columns 109-135.
|
| 504 |
|
|
|a Includes bibliographical references.
|
| 650 |
|
0 |
|a Preaching
|v Early works to 1800.
|
| 830 |
|
0 |
|a Cistercian studies series ;
|v no. 23.
|
| 999 |
|
|
|a MARS
|
| 999 |
f |
f |
|s d5b2c50c-df2c-3d33-a2fd-61f2da0680e2
|i 2c20e31f-a138-3cf9-9895-039a4cbddafe
|t 0
|
| 952 |
f |
f |
|p normal
|a Texas A&M University
|b College Station
|c Sterling C. Evans Library
|d Evans: Library Stacks
|t 0
|e BV4209 .A4213 1981
|h Library of Congress classification
|i unmediated -- volume
|m A14806092418
|
| 998 |
f |
f |
|a BV4209 .A4213 1981
|t 0
|l Evans: Library Stacks
|